A recipe for disaster (Record no. 77703)
[ view plain ]
| 000 -LEADER | |
|---|---|
| fixed length control field | 00865cab a2200193 4500 |
| 001 - CONTROL NUMBER | |
| control field | ##L134910 |
| 008 - FIXED-LENGTH DATA ELEMENTS--GENERAL INFORMATION | |
| fixed length control field | 060911n2006 000 0 eng u |
| 035 ## - SYSTEM CONTROL NUMBER | |
| System control number | (Sirsi) u134910 |
| 041 0# - LANGUAGE CODE | |
| Language code of text/sound track or separate title | eng |
| 100 1# - MAIN ENTRY--PERSONAL NAME | |
| Personal name | Brasse, Jonathan |
| 245 02 - TITLE STATEMENT | |
| Title | A recipe for disaster |
| 260 ## - PUBLICATION, DISTRIBUTION, ETC. | |
| Date of publication, distribution, etc. | 2006 |
| 490 #0 - SERIES STATEMENT | |
| Series statement | Property Week |
| Volume/sequential designation | 71(36) 8 September 2006, 32-35(4) |
| 520 ## - SUMMARY, ETC. | |
| Summary, etc. | Examines the growth of the disaster recovery industry, focussing on Sungard, one of two companies which dominate the disaster recovery centre market. The company have disaster recovery centres located in various UK locations, to which companies can relocate in the event of a disaster. Includes a list of alerts and invocations which Sungard disaster recovery centres received in 2005. |
| 590 ## - LOCAL NOTE (RLIN) | |
| Local note | IKA190906 |
| 651 #4 - SUBJECT ADDED ENTRY--GEOGRAPHIC NAME | |
| Geographic name | United Kingdom |
| Chronological subdivision | |
| 690 ## - LOCAL SUBJECT ADDED ENTRY--TOPICAL TERM (OCLC, RLIN) | |
| Topical term or geographic name as entry element | MANAGEMENT-BUSINESS MANAGEMENT |
| 942 ## - ADDED ENTRY ELEMENTS (KOHA) | |
| Suppress in OPAC | 0 |
| Withdrawn status | Lost status | Source of classification or shelving scheme | Damaged status | Not for loan | Home library | Current library | Shelving location | Date acquired | Total Checkouts | Full call number | Barcode | Date last seen | Copy number | Price effective from | Koha item type |
|---|---|---|---|---|---|---|---|---|---|---|---|---|---|---|---|
| Dewey Decimal Classification | London | London | Journal article | 11/09/2006 | L134910 | 134910-1001 | 06/08/2019 | 1 | 06/08/2019 | Journal article |